Normal view
MARC view
- Dela Torre, Jonarie A.
Entry Personal Name
001 - CONTROL NUMBER
- control field: 41087
003 - CONTROL NUMBER IDENTIFIER
- control field: OSt
005 - DATE AND TIME OF LATEST TRANSACTION
- control field: 20200109112945.0
008 - FIXED-LENGTH DATA ELEMENTS
- fixed length control field: 200109|| aca||aabn | a|a d
040 ## - CATALOGING SOURCE
- Original cataloging agency: OSt
- Transcribing agency: OSt
100 ## - HEADING--PERSONAL NAME
- Personal name: Dela Torre, Jonarie A.
670 ## - SOURCE DATA FOUND
- Source citation: Work cat.: (OSt): Jonarie A. Dela Torre 41085, Attitude of grade 11 students towards learning mathematics using educational technology:, December 2019
